Chinese interllectuals and the west (Record no. 1318991)

MARC details
000 -LEADER
fixed length control field 00611nam a2200193Ia 4500
005 - DATE AND TIME OF LATEST TRANSACTION
control field 20250507130323.0
008 - FIXED-LENGTH DATA ELEMENTS--GENERAL INFORMATION
fixed length control field 008 250505s9999 xx 000 0 eng d
037 ## - SOURCE OF ACQUISITION
Stock number Annuals, Advances
040 ## - CATALOGING SOURCE
Original cataloging agency EASL
Language of cataloging eng
Transcribing agency EASL
041 ## - LANGUAGE CODE
Language code of text/sound track or separate title eng
Source of code eng
084 ## - COLON CLASSIFICATION NUMBER
Classification number V41:3(T)oby48.N49<-M60, K6
Assigning agency EASL
100 ## - MAIN ENTRY--PERSONAL NAME
Personal name Wang Y.C.
9 (RLIN) 755171
245 #0 - TITLE STATEMENT
Title Chinese interllectuals and the west
260 ## - PUBLICATION, DISTRIBUTION, ETC.
Place of publication, distribution, etc. USA
Name of publisher, distributor, etc. Chapel Hill University of North Carolina Press
Date of publication, distribution, etc. 1966
300 ## - PHYSICAL DESCRIPTION
Extent 557p.
365 ## - TRADE PRICE
Price type code H K
Price amount 90.00
942 ## - ADDED ENTRY ELEMENTS (KOHA)
Koha item type Textual
Classification part V41:3(T)oby48.N49<-M60, K6

No items available.

Copyright @ Delhi University Library System